[Event "World ol U16"]
[Site "Ulaanbaatar"]
[Date "2015.08.25"]
[Round "6.1"]
[White "Lau, Xian Hui Rudolph"]
[Black "Baterdene, Tsogbayar"]
[Result "0-1"]
[WhiteElo "1895"]
[BlackElo "2389"]
[PlyCount "138"]
[EventDate "2015.08.20"]
[EventType "team-swiss"]
[EventRounds "9"]
[EventCountry "MGL"]
[SourceTitle "EXT 2016"]
[Source "ChessBase"]
[SourceDate "2015.10.08"]
[SourceVersion "1"]
[SourceVersionDate "2015.10.08"]
[SourceQuality "1"]
[WhiteTeam "Singapore II"]
[BlackTeam "Mongolia A"]
[WhiteTeamCountry "SIN"]
[BlackTeamCountry "MGL"]

1. e4 c5 2. Nf3 d6 3. d4 cxd4 4. Nxd4 Nf6 5. Nc3 a6 6. Be2 e6 7. 0-0 Qc7 8. Be3 b5 9. a3 Bb7 10. Bd3 Nbd7 11. f4 Be7 12. Nb3 0-0 13. Kh1 Rac8 14. Qe1 Rfe8 15. Qg3 Bf8 16. Rae1 Kh8 17. Nd4 Nc5 18. Bc1 d5 19. e5 Nfe4 20. Bxe4 Nxe4 21. Nxe4 dxe4 22. c3 g6 23. Be3 Bd5 24. Rc1 Qb7 25. Nc2 Bc4 26. Rfe1 Bd3 27. Bd4 a5 28. Ne3 b4 29. axb4 axb4 30. Ng4 bxc3 31. Bxc3 Be7 32. Qh3 Red8 33. Qh6 Bf8 34. Qh4 Bc4 35. Nf6 h6 36. Rxe4 Rd3 37. Ree1 Bb3 38. Ng4 Bd5 39. Rg1 Be4 40. Nf2 Re3 41. Nxe4 Rxe4 42. Rce1 g5 43. Qh5 Rxf4 44. Ref1 Rcc4 45. Bd2 Rxf1 46. Rxf1 Kg8 47. Bc3 Rh4 48. Qe2 Qe4 49. Qxe4 Rxe4 50. Re1 Rc4 51. g3 Bb4 52. Re3 Bxc3 53. bxc3 Kg7 54. Kg2 Kg6 55. h3 h5 56. Kf2 Kf5 57. Rf3+ Kxe5 58. Rxf7 Rxc3 59. Rh7 h4 60. gxh4 Rxh3 61. Rh5 Kf4 62. Rxg5 Rh2+ 63. Ke1 e5 64. Rg8 e4 65. h5 Kf3 66. Ra8 Rh1+ 67. Kd2 e3+ 68. Kd3 Rd1+ 69. Kc2 e2 0-1

[Event "World ol U16"]
[Site "Ulaanbaatar"]
[Date "2015.08.22"]
[Round "4.1"]
[White "Lau, Xian Hui Rudolph"]
[Black "Gong, Patrick"]
[Result "1-0"]
[WhiteElo "1895"]
[BlackElo "1983"]
[PlyCount "129"]
[EventDate "2015.08.20"]
[EventType "team-swiss"]
[EventRounds "9"]
[EventCountry "MGL"]
[SourceTitle "EXT 2016"]
[Source "ChessBase"]
[SourceDate "2015.10.08"]
[SourceVersion "1"]
[SourceVersionDate "2015.10.08"]
[SourceQuality "1"]
[WhiteTeam "Singapore II"]
[BlackTeam "Australia"]
[WhiteTeamCountry "SIN"]
[BlackTeamCountry "AUS"]

1. e4 d5 2. exd5 Qxd5 3. Nc3 Qa5 4. d4 Nf6 5. Nf3 c6 6. h3 Bf5 7. Bc4 e6 8. 0-0 Bd6 9. Qe2 b5 10. Bd3 Bxd3 11. Qxd3 0-0 12. Ne4 Qc7 13. Nxf6+ gxf6 14. Bh6 Rd8 15. Qe4 Bf8 16. Bf4 Qd7 17. c3 Qd5 18. Qe3 Nd7 19. Nh2 Kh8 20. Ng4 Bd6 21. Rfe1 Rg8 22. f3 f5 23. Ne5 Nxe5 24. Bxe5+ Bxe5 25. Qxe5+ Qxe5 26. Rxe5 a5 27. Rc5 Ra6 28. a4 Rb8 29. Ra2 Kg7 30. Kf2 bxa4 31. Ke3 Rb3 32. g4 fxg4 33. hxg4 a3 34. Rxa3 a4 35. Rc4 Rxb2 36. Raxa4 Rab6 37. Ra7 Rc2 38. Ra3 Kg6 39. Rc5 h6 40. Kf4 Rf2 41. Ra1 Rc2 42. Re1 Kf6 43. Ree5 Rb3 44. Re3 Rb6 45. Rc4 Ra6 46. Re5 Rf2 47. Re3 Rc2 48. Rd3 Rb6 49. Ke3 Rh2 50. Ra4 Kg5 51. Ra5+ Rb5 52. Rxb5+ cxb5 53. d5 Ra2 54. d6 Ra8 55. Kd4 Kf6 56. Kc5 e5 57. Kxb5 Ke6 58. c4 Kd7 59. c5 Rb8+ 60. Kc4 Kc6 61. Rb3 Ra8 62. Rb6+ Kd7 63. Kd5 Ra1 64. Rb7+ Kc8 65. Rxf7 1-0

[Event "World ol U16"]
[Site "Ulaanbaatar"]
[Date "2015.08.20"]
[Round "1.1"]
[White "Aravindh, Chithambaram VR"]
[Black "Lau, Xian Hui Rudolph"]
[Result "1-0"]
[WhiteElo "2505"]
[BlackElo "1895"]
[PlyCount "67"]
[EventDate "2015.08.20"]
[EventType "team-swiss"]
[EventRounds "9"]
[EventCountry "MGL"]
[SourceTitle "EXT 2016"]
[Source "ChessBase"]
[SourceDate "2015.10.08"]
[SourceVersion "1"]
[SourceVersionDate "2015.10.08"]
[SourceQuality "1"]
[WhiteTeam "India"]
[BlackTeam "Singapore II"]
[WhiteTeamCountry "IND"]
[BlackTeamCountry "SIN"]

1. c4 e5 2. Nc3 Bc5 3. g3 Nf6 4. Bg2 d6 5. e3 Nc6 6. Nf3 0-0 7. 0-0 h6 8. d4 Bb6 9. h3 Re8 10. a3 a5 11. Nd5 Ba7 12. Qa4 Bd7 13. Nxf6+ Qxf6 14. d5 Nb8 15. Qxa5 Na6 16. Nd2 Qg6 17. Qc3 Nc5 18. b4 Na4 19. Qb3 f5 20. Kh2 f4 21. Ra2 Nb6 22. exf4 exf4 23. Nf3 fxg3+ 24. fxg3 Qe4 25. Nd2 Qe2 26. c5 Re3 27. Qd1 Qxd1 28. Rxd1 Na4 29. Rc2 dxc5 30. Ne4 Rb3 31. bxc5 Bf5 32. d6 Bxe4 33. Bxe4 Nxc5 34. dxc7 1-0

[Event "Asian Schools-ch U15 11th"]
[Site "Singapore"]
[Date "2015.06.01"]
[Round "2.1"]
[White "Rajdeep, Sarkar"]
[Black "Lau, Xian Hui Rudolph"]
[Result "1/2-1/2"]
[WhiteElo "2263"]
[BlackElo "1856"]
[PlyCount "74"]
[EventDate "2015.05.31"]
[EventType "swiss"]
[EventRounds "7"]
[EventCountry "SIN"]
[SourceTitle "EXT 2024"]
[Source "ChessBase"]
[SourceDate "2023.10.10"]
[SourceVersion "1"]
[SourceVersionDate "2023.10.10"]
[SourceQuality "1"]

1. d4 c5 2. dxc5 Qa5+ 3. Bd2 Qxc5 4. e4 Nf6 5. Bd3 d6 6. h3 g6 7. Nf3 Bg7 8. Nc3 Nc6 9. a3 Qb6 10. Be3 Qd8 11. Qd2 0-0 12. Bh6 Ne5 13. Nxe5 dxe5 14. 0-0-0 Be6 15. Bxg7 Kxg7 16. f4 exf4 17. Qxf4 Qa5 18. e5 Nd5 19. Nxd5 Bxd5 20. Qg5 Qc5 21. h4 h6 22. Qf4 h5 23. Rhe1 Be6 24. Qe3 Rac8 25. Qxc5 Rxc5 26. Be4 b6 27. Bf3 Rfc8 28. c3 Rc4 29. g3 a5 30. Bd5 Bxd5 31. Rxd5 e6 32. Rd6 b5 33. Kd2 b4 34. Re3 bxa3 35. bxa3 Ra4 36. Rd7 Rxa3 37. Rf3 Rf8 1/2-1/2

[Event "ASEAN-ch U14 15th"]
[Site "Taipa"]
[Date "2014.06.07"]
[Round "6"]
[White "Ho, Jei Chen"]
[Black "Lau, Xian Hui Rudolph"]
[Result "0-1"]
[WhiteElo "1690"]
[BlackElo "1702"]
[PlyCount "100"]
[EventDate "2014.06.04"]
[EventType "swiss"]
[EventRounds "9"]
[EventCountry "MAC"]
[SourceTitle "CBM 160 Extra"]
[Source "ChessBase"]
[SourceDate "2014.07.01"]
[SourceVersion "1"]
[SourceVersionDate "2014.07.01"]
[SourceQuality "1"]

1. d4 Nf6 2. c4 c5 3. d5 e6 4. Nc3 exd5 5. cxd5 d6 6. Nf3 g6 7. Nd2 a6 8. a4 Nbd7 9. e4 Bg7 10. Nc4 Nb6 11. Ne3 Qe7 12. f3 Nh5 13. g3 0-0 14. Qe2 Re8 15. Bg2 Rb8 16. 0-0 Nf6 17. Bd2 Bd7 18. Rfe1 Na8 19. a5 Nc7 20. Nc4 Bb5 21. b3 Nd7 22. Ra2 h5 23. f4 Bd4+ 24. Kh1 Nf6 25. h3 Nd7 26. Kh2 b6 27. Nxb5 axb5 28. Ne3 Ra8 29. e5 dxe5 30. d6 Qxd6 31. Bxa8 exf4 32. axb6 Nxa8 33. b7 Nab6 34. Qf3 fxe3 35. Ra8 Nxa8 36. bxa8Q Rxa8 37. Qxa8+ Kg7 38. Bc1 Ne5 39. Qg2 Nd3 40. Rd1 Nxc1 41. Rxc1 Qe6 42. Qc2 g5 43. Re1 Qd5 44. Re2 Qf3 45. Rg2 h4 46. Qe2 hxg3+ 47. Kh1 Qe4 48. Qc2 Qa8 49. Qa2 e2 50. Qb1 Qf3 0-1

[Event "Penang op-A 5th"]
[Site "Penang"]
[Date "2013.12.12"]
[Round "6"]
[White "Lau, Xian Hui Rudolph"]
[Black "Tin, Ruiqi"]
[Result "0-1"]
[WhiteElo "1688"]
[BlackElo "1600"]
[PlyCount "88"]
[EventDate "2013.12.09"]
[EventType "swiss"]
[EventRounds "9"]
[EventCountry "MAS"]
[SourceTitle "CBM 157 Extra"]
[Source "ChessBase"]
[SourceDate "2013.12.19"]
[SourceVersion "1"]
[SourceVersionDate "2013.12.19"]
[SourceQuality "1"]

1. e4 e5 2. Nf3 Nc6 3. Bb5 Nge7 4. 0-0 g6 5. d4 exd4 6. Nxd4 Bg7 7. Be3 0-0 8. c3 d6 9. Nxc6 Nxc6 10. Bxc6 bxc6 11. Bd4 f5 12. Bxg7 Kxg7 13. Nd2 Qf6 14. Qa4 Bb7 15. exf5 Qxf5 16. Ne4 c5 17. Ng3 Qf7 18. f3 a6 19. Rae1 Rae8 20. b3 Re6 21. Ne4 h6 22. Nf2 Rfe8 23. Rxe6 Rxe6 24. Qc4 Re3 25. Qxf7+ Kxf7 26. c4 Re2 27. Ra1 g5 28. Kf1 Rc2 29. Ng4 h5 30. Ne3 Rb2 31. Nd1 Rd2 32. Nf2 Kf6 33. a4 Rb2 34. Ra3 Ke6 35. Nd3 Rd2 36. b4 cxb4 37. Nxb4 a5 38. Rd3 Rxd3 39. Nxd3 Ba6 40. Nb2 Ke5 41. Ke2 Kd4 42. Kd2 Bxc4 43. Nxc4 Kxc4 44. Ke3 d5 0-1

[Event "Penang op-A 5th"]
[Site "Penang"]
[Date "2013.12.11"]
[Round "4"]
[White "Lau, Xian Hui Rudolph"]
[Black "Wong, Yinn Long"]
[Result "1/2-1/2"]
[WhiteElo "1688"]
[BlackElo "1824"]
[PlyCount "127"]
[EventDate "2013.12.09"]
[EventType "swiss"]
[EventRounds "9"]
[EventCountry "MAS"]
[SourceTitle "CBM 157 Extra"]
[Source "ChessBase"]
[SourceDate "2013.12.19"]
[SourceVersion "1"]
[SourceVersionDate "2013.12.19"]
[SourceQuality "1"]

1. e4 e6 2. d3 d5 3. Nd2 Nf6 4. Ngf3 Nc6 5. e5 Nd7 6. d4 f6 7. Bb5 fxe5 8. dxe5 Be7 9. 0-0 0-0 10. Qe2 a6 11. Bxc6 bxc6 12. Nb3 Nc5 13. Nfd4 Nxb3 14. axb3 Qd7 15. Qg4 c5 16. Bh6 Rf7 17. Nf3 Bb7 18. Rad1 a5 19. Ng5 Bxg5 20. Bxg5 d4 21. c3 Bd5 22. cxd4 Bxb3 23. Rd2 cxd4 24. Rxd4 Bd5 25. Qh5 Rf5 26. f4 Qb5 27. Rd2 Qb6+ 28. Rdf2 Raf8 29. Qg4 Bc4 30. Rd1 R5f7 31. Rdd2 Qe3 32. h3 Kh8 33. Kh2 Bd5 34. Qg3 Qe4 35. Qc3 Qb4 36. Qe3 c6 37. Rd4 Qb5 38. Qa3 c5 39. Qa4 Qb6 40. Rdd2 Qb4 41. Qxb4 axb4 42. Kg3 c4 43. f5 Rxf5 44. Be7 Rxf2 45. Rxf2 Rxf2 46. Kxf2 b3 47. Bb4 Kg8 48. g3 Kf7 49. Ke3 g5 50. h4 Kg6 51. hxg5 Kxg5 52. Kf2 h5 53. Bc3 Kf5 54. Bd4 Be4 55. Bc3 Bc6 56. Bd4 Ke4 57. Bc3 Be8 58. Kg2 Bg6 59. Kf2 Bf5 60. Kg2 Bg4 61. Kf2 Kd3 62. Kg2 Bf5 63. Kf2 Be4 64. Kg1 1/2-1/2

[Event "Penang op-A 5th"]
[Site "Penang"]
[Date "2013.12.09"]
[Round "1"]
[White "Wong, Shyun Fwu Aldrin"]
[Black "Lau, Xian Hui Rudolph"]
[Result "1/2-1/2"]
[WhiteElo "1618"]
[BlackElo "1688"]
[PlyCount "70"]
[EventDate "2013.12.09"]
[EventType "swiss"]
[EventRounds "9"]
[EventCountry "MAS"]
[SourceTitle "CBM 157 Extra"]
[Source "ChessBase"]
[SourceDate "2013.12.19"]
[SourceVersion "1"]
[SourceVersionDate "2013.12.19"]
[SourceQuality "1"]

1. e4 c5 2. Nf3 e6 3. d3 Nc6 4. g3 Nge7 5. Bg2 g6 6. 0-0 Bg7 7. c3 d5 8. Nbd2 0-0 9. Re1 Re8 10. e5 Qc7 11. Qe2 Rb8 12. a4 a6 13. Nb3 b6 14. Bf4 Bb7 15. h4 Rbd8 16. h5 h6 17. g4 gxh5 18. g5 Ng6 19. Bg3 hxg5 20. Nxg5 Bxe5 21. Qxh5 Bxg3 22. Qh7+ Kf8 23. fxg3 Rd7 24. Nxe6+ fxe6 25. Qxg6 Nd8 26. Rf1+ Ke7 27. Rae1 Rf8 28. Qg5+ Ke8 29. Bf3 Re7 30. Bh5+ Nf7 31. Qg7 Kd7 32. Rxf7 Rfxf7 33. Bxf7 Kc6 34. Rf1 Bc8 35. Rf6 Qxg3+ 1/2-1/2

[Event "ASEAN-ch U14 14th"]
[Site "Chiangmai"]
[Date "2013.06.13"]
[Round "9"]
[White "Tran, Minh Thang1111"]
[Black "Lau, Xian Hui Rudolph"]
[Result "1/2-1/2"]
[WhiteElo "2117"]
[BlackElo "1666"]
[PlyCount "48"]
[EventDate "2013.06.08"]
[EventType "swiss"]
[EventRounds "9"]
[EventCountry "THA"]
[SourceTitle "EXT 2014"]
[Source "ChessBase"]
[SourceDate "2013.11.20"]
[SourceVersion "1"]
[SourceVersionDate "2013.11.20"]
[SourceQuality "1"]

1. d4 Nf6 2. Nf3 g6 3. Bf4 Bg7 4. a4 0-0 5. Na3 d6 6. h3 Nbd7 7. Nc4 c5 8. e3 cxd4 9. exd4 Nb6 10. Be2 Be6 11. Ncd2 Rc8 12. c3 Nbd5 13. Bh2 Nh5 14. Ng5 Nhf4 15. Nxe6 Nxg2+ 16. Kf1 Nge3+ 17. fxe3 fxe6+ 18. Ke1 Nxe3 19. Qb3 d5 20. Bd3 Rc6 21. Ke2 Rb6 22. Qa3 Bh6 23. Nf3 Rf6 24. Ne5 Rf4 1/2-1/2

[Event "Penang op 4th"]
[Site "Penang"]
[Date "2012.12.14"]
[Round "8"]
[White "Ajeet Singh, Roshan"]
[Black "Lau, Xian Hui Rudolph"]
[Result "1-0"]
[WhiteElo "2017"]
[BlackElo "1681"]
[PlyCount "97"]
[EventDate "2012.12.11"]
[EventType "swiss"]
[EventRounds "9"]
[EventCountry "MAS"]
[SourceTitle "EXT 2014"]
[Source "ChessBase"]
[SourceDate "2013.11.20"]
[SourceVersion "1"]
[SourceVersionDate "2013.11.20"]
[SourceQuality "1"]

1. d4 Nf6 2. Nf3 c5 3. d5 e6 4. c4 exd5 5. cxd5 d6 6. Nc3 g6 7. Bf4 Bg7 8. h3 0-0 9. e3 Qe7 10. Be2 Bf5 11. Nd2 Na6 12. 0-0 Nc7 13. e4 Bc8 14. Nc4 Nfe8 15. Bh2 b5 16. Na5 b4 17. Nc6 Qd7 18. Na4 Bb7 19. Na5 Ba6 20. Bxa6 Nxa6 21. Rc1 Nec7 22. b3 Rfe8 23. Qd3 Nb5 24. Nc6 Nac7 25. Kh1 Nd4 26. Nxd4 Bxd4 27. Rc2 Nb5 28. f4 Na3 29. Re2 Bg7 30. Nb2 Nb5 31. Nc4 Nd4 32. Ree1 Bf8 33. Bg1 Bg7 34. Bxd4 Bxd4 35. Qf3 Rad8 36. f5 Bg7 37. f6 Bf8 38. Qf4 Qb7 39. h4 a5 40. h5 Re5 41. Nxe5 dxe5 42. Qxe5 Bd6 43. Qg5 Re8 44. hxg6 hxg6 45. Qh6 Bf8 46. Qf4 c4 47. Rf3 c3 48. Rh3 Qxd5 49. e5 1-0

[Event "Penang op 4th"]
[Site "Penang"]
[Date "2012.12.11"]
[Round "1"]
[White "Lau, Xian Hui Rudolph"]
[Black "Barretto, Franz"]
[Result "0-1"]
[WhiteElo "1681"]
[BlackElo "2222"]
[PlyCount "66"]
[EventDate "2012.12.11"]
[EventType "swiss"]
[EventRounds "9"]
[EventCountry "MAS"]
[SourceTitle "EXT 2014"]
[Source "ChessBase"]
[SourceDate "2013.11.20"]
[SourceVersion "1"]
[SourceVersionDate "2013.11.20"]
[SourceQuality "1"]

1. e4 e5 2. Nf3 Nc6 3. Bb5 a6 4. Ba4 Nf6 5. 0-0 b5 6. Bb3 Bc5 7. c3 d6 8. h3 0-0 9. d3 Be6 10. Bc2 Bb6 11. Be3 Ne7 12. Nbd2 c5 13. d4 Ng6 14. Qe2 Qc7 15. d5 Bd7 16. Bg5 Nh5 17. Nh4 Nhf4 18. Qf3 f6 19. Nxg6 fxg5 20. Nxf8 Rxf8 21. Qd1 Bxh3 22. gxh3 Qd7 23. Qf3 Nxh3+ 24. Kh1 Rxf3 25. Nxf3 c4 26. a4 h6 27. b3 Nxf2+ 28. Rxf2 Bxf2 29. Kg2 Bb6 30. Nh2 cxb3 31. Bxb3 Qc7 32. Rc1 bxa4 33. Bxa4 Qc4 0-1